<?xml version="1.0" encoding="UTF-8"?>
<record
    xmlns:xsi="http://www.w3.org/2001/XMLSchema-instance"
    xsi:schemaLocation="http://www.loc.gov/MARC21/slim http://www.loc.gov/standards/marcxml/schema/MARC21slim.xsd"
    xmlns="http://www.loc.gov/MARC21/slim">

  <leader>00786cam a22002291  4500</leader>
  <controlfield tag="001">ne 62000297 </controlfield>
  <controlfield tag="003">DLC</controlfield>
  <controlfield tag="005">20260227111734.0</controlfield>
  <controlfield tag="008">060823s1943    tu            000 0 tur  </controlfield>
  <datafield tag="010" ind1=" " ind2=" ">
    <subfield code="a">ne 62000297 </subfield>
  </datafield>
  <datafield tag="040" ind1=" " ind2=" ">
    <subfield code="a">DLC</subfield>
    <subfield code="c">DLC</subfield>
    <subfield code="d">DLC</subfield>
  </datafield>
  <datafield tag="050" ind1="0" ind2="0">
    <subfield code="a">PL248.B8</subfield>
    <subfield code="b">A6 1943</subfield>
  </datafield>
  <datafield tag="100" ind1="0" ind2=" ">
    <subfield code="a">Kadi Burhaneddin,</subfield>
    <subfield code="d">1344-1398.</subfield>
  </datafield>
  <datafield tag="245" ind1="1" ind2="0">
    <subfield code="a">Kad&#x131; Burhanettin divan&#x131;.  [Haz&#x131;rl&#x131;yan : Dehri Dil&#xE7;in].</subfield>
  </datafield>
  <datafield tag="260" ind1=" " ind2=" ">
    <subfield code="a">&#x130;stanbul,</subfield>
    <subfield code="b">A. K&#x131;ral Bas&#x131;mev&#x131;,</subfield>
    <subfield code="c">1943-</subfield>
  </datafield>
  <datafield tag="300" ind1=" " ind2=" ">
    <subfield code="a">v.</subfield>
    <subfield code="c">25 cm.</subfield>
  </datafield>
  <datafield tag="490" ind1="0" ind2=" ">
    <subfield code="a">T. D. K. [Seri] C.</subfield>
    <subfield code="v">II. [say&#x131;] 19 [i. e. 78]</subfield>
  </datafield>
  <datafield tag="500" ind1=" " ind2=" ">
    <subfield code="a">Series no. supplied from T&#xFC;rk Dil Kurumu yay&#x131;nlar&#x131; s&#x131;ra listesi, 1932-1957.</subfield>
  </datafield>
  <datafield tag="505" ind1="0" ind2=" ">
    <subfield code="a">1.  T&#x131;pk&#x131;bas&#x131;m.</subfield>
  </datafield>
  <datafield tag="700" ind1="1" ind2=" ">
    <subfield code="a">Dil&#xE7;in, Dehri,</subfield>
    <subfield code="e">ed.</subfield>
  </datafield>
  <datafield tag="830" ind1=" " ind2="0">
    <subfield code="a">T&#xFC;rk Dil Kurumu.  T&#xFC;rk Dil Kurumu yay&#x131;nlar&#x131;ndan,</subfield>
    <subfield code="v">say&#x131; 78</subfield>
  </datafield>
  <datafield tag="999" ind1=" " ind2=" ">
    <subfield code="c">45033</subfield>
    <subfield code="d">45033</subfield>
  </datafield>
</record>
